Modern english readings: biography, short stories, poems, essays, plays
Պահպանված է:
| Ձևաչափ: | Գիրք |
|---|---|
| Լեզու: | Undetermined |
| Հրապարակվել է: |
New York, Estados Unidos
Holt, Rinehart and Winston
1960
|
| Հրատարակություն: | 17 |
| Խորագրեր: | |
| Ցուցիչներ: |
Ավելացրեք ցուցիչ
Չկան պիտակներ, Եղեք առաջինը, ով նշում է այս գրառումը!
|
MARC
| LEADER | 00000nam a2200000Ia 4500 | ||
|---|---|---|---|
| 008 | 170316s9999 xx 000 0 und d | ||
| 040 | |a cru BVZT | ||
| 090 | |a A-820 M-3.1m | ||
| 245 | |a Modern english readings: biography, short stories, poems, essays, plays | ||
| 250 | |a 17 | ||
| 260 | |a New York, Estados Unidos | ||
| 260 | |b Holt, Rinehart and Winston | ||
| 260 | |c 1960 | ||
| 300 | |a 1097 páginas | ||
| 650 | |a LITERATURA INGLESA | ||
| 650 | |a ANTOLOGÍA | ||
| 999 | |c 12367 |d 12367 | ||
| 942 | |c 15 D |h A-820 M-3.1m |2 z | ||
